| 000 | 00462nam a2200169Ia 4500 | ||
|---|---|---|---|
| 005 | 20260415160318.0 | ||
| 008 | 008 250505s9999 xx 000 0 eng d | ||
| 037 | _aBooks to be hide in OPAC | ||
| 040 |
_aFEDL _beng _cFEDL |
||
| 041 |
_aeng _2eng |
||
| 084 |
_a684 DUN/O _qFEDL |
||
| 100 |
_aDumayne John _9755577 |
||
| 245 | 0 | _aWoodworking for children | |
| 300 | _a28p. | ||
| 942 |
_cHB _h684 DUN/O |
||
| 999 |
_c1321539 _d1321539 |
||